书目信息 |
| 题名: |
医用X线的防护
|
|
| 作者: | 郑钧正 编 | |
| 分册: | ||
| 出版信息: | 北京 人民卫生出版社 1980 |
|
| 页数: | 141页 | |
| 开本: | 19cm | |
| 丛书名: | ||
| 单 册: | ||
| 中图分类: | R142 | |
| 科图分类: | ||
| 主题词: | X辐射-辐射防护 , 辐射防护-X辐射 | |
| 电子资源: | ||
| ISBN: | 14048.3837 | |
| 000 | 00638nam0 2200241 450 | |
| 001 | 0180009380 | |
| 005 | 20100712215858.0 | |
| 010 | @a14048.3837@dCNY0.35 | |
| 091 | @a14048.3837 | |
| 100 | @a19950628d1980 emky0chiy0110 ea | |
| 101 | 0 | @achi |
| 102 | @aCN@b110000 | |
| 105 | @ay z 000yy | |
| 106 | @ar | |
| 200 | 1 | @a医用X线的防护@9Yi Yong X Xian De;Di Fang Hu @f郑钧正编 |
| 210 | @a北京@c人民卫生出版社@d1980 | |
| 215 | @a141页@d19cm | |
| 606 | 0 | @aX辐射-辐射防护 |
| 606 | 0 | @a辐射防护-X辐射 |
| 690 | @aR142@v3 | |
| 701 | 0 | @a郑钧正@9zheng jun zheng@4编 |
| 801 | 0 | @aCN@bAzMarc@c20130904 |
| 905 | @aBZT@dR142@e1@f9@sR142/1 | |
| 医用X线的防护/郑钧正编.-北京:人民卫生出版社,1980 |
| 141页;19cm |
| ISBN 14048.3837:CNY0.35 |
| ● |
| 相关链接 |
|
|
|
正题名:医用X线的防护
索取号:R142/1
 
预约/预借
| 序号 | 登录号 | 条形码 | 馆藏地/架位号 | 状态 | 备注 |
| 1 | 2000037071 | 2000037071 | 旧书回溯/ [索取号:R142/1] | 在馆 | |
| 2 | 2000137516 | 2000137516 | 旧书回溯/ [索取号:R142/1] | 在馆 | |
| 3 | 2000137517 | 2000137517 | 旧书回溯/ [索取号:R142/1] | 在馆 | |
| 4 | 2000137518 | 2000137518 | 旧书回溯/ [索取号:R142/1] | 在馆 | |
| 5 | 2000137519 | 2000137519 | 旧书回溯/ [索取号:R142/1] | 在馆 | |
| 6 | 2000137520 | 2000137520 | 旧书回溯/ [索取号:R142/1] | 在馆 | |
| 7 | 2000137521 | 2000137521 | 旧书回溯/ [索取号:R142/1] | 在馆 | |
| 8 | 2000137522 | 2000137522 | 旧书回溯/ [索取号:R142/1] | 在馆 | |
| 9 | 2000137523 | 2000137523 | 旧书回溯/ [索取号:R142/1] | 在馆 |